Η διάσταση του φύλου στο βιβλίο του ΣΕΠ της γ' γυμνασίου : διπλωματική εργασία [μεταπτυχιακή]
Αποθηκεύτηκε σε:
| Κύριος συγγραφέας: | |
|---|---|
| Άλλοι συγγραφείς: | , , |
| Μορφή: | Thesis Βιβλίο |
| Γλώσσα: | Greek |
| Δημοσίευση: |
2008.
|
| Θέματα: | |
| Διαθέσιμο Online: | http://hdl.handle.net/11610/14076 |
| Ετικέτες: |
Προσθήκη ετικέτας
Δεν υπάρχουν, Καταχωρήστε ετικέτα πρώτοι!
|
MARC
| LEADER | 00000cam a2200000 i 4500 | ||
|---|---|---|---|
| 001 | 1/92289 | ||
| 008 | 080826s2008 gre d | ||
| 035 | |l 10099574 | ||
| 040 | |a GR-MY-UA |b gre |e aacr | ||
| 041 | 0 | |a gre | |
| 082 | 7 | |a 371.821 |2 (22) | |
| 100 | 1 | |a Σαρακινού, Μαρία. | |
| 245 | 1 | 2 | |a Η διάσταση του φύλου στο βιβλίο του ΣΕΠ της γ' γυμνασίου : |b διπλωματική εργασία [μεταπτυχιακή] / |c Σαρακινού Μαρία ; Διονύσιος Γουβιάς (επιβλέπων) ; εξεταστική επιτροπή: Περσεφόνη Φώκιαλη, Ηλίας Ευθυμίου. |
| 260 | |c 2008. | ||
| 300 | |c 30 εκ. | ||
| 502 | |a Διατριβή (μεταπτυχιακή) – Πανεπιστήμιο Αιγαίου, Ρόδος, 2008. | ||
| 504 | |a Περιλαμβάνει βιβλιογραφίες. | ||
| 610 | 2 | 0 | |a University of the Aegean |x Dissertations. |
| 650 | 0 | 0 | |a Gender identity in education. |
| 650 | 0 | 0 | |a Education, Elementary |z Greece. |
| 650 | 0 | 0 | |a Dissertations, Academic |z Greece. |
| 700 | 1 | |a Φώκιαλη, Περσεφόνη. |4 ths | |
| 700 | 1 | |a Ευθυμίου, Ηλίας Β. |4 ths | |
| 700 | 1 | |4 ths |a Γουβιάς, Διονύσης Σ. | |
| 852 | |a INST |b RHODES |c DIATR |e 20080826 |h 371.821 ΣΑΡ |p 005400028770 |q 005400028770 |t MTXE |y 23 | ||
| 852 | |a INST |b RHODES |c DIATR |e 20080826 |h 371.821 ΣΑΡ |p 005400028771 |q 005400028771 |t MTXE |y 23 | ||
| 856 | |u http://hdl.handle.net/11610/14076 | ||
| 901 | |a BIBL4-2008-2 | ||
| 909 | |a Ρ |b 150436 | ||
| 909 | |a Ρ |b 150437 | ||
| 924 | |a ΣΑΡΑΚΙΝΟΥ |b ΜΑΡΙΑ |y Ρόδος |z 2008-06 | ||
| 970 | |a ΜΙΣΣΟΣ |b ΣΤΑΥΡΟΣ |z 2008/08/26 | ||